000 00968nam a22001697a 4500
008 110628t xxu||||| |||| 00| 0 eng d
010 _aHCMA F-107
245 _aThe High Court Miscellaneous Application No.146 of 2003 Mildred Kamau Vs Uganda Electricity Board and others.
260 _c2006
500 _aSgd: Gideon Tinyinondi JUDGE 07/07/2006
999 _c4171
_d4171